| 000 | 01061cam a22003137a 4500 | ||
|---|---|---|---|
| 003 | CHAP | ||
| 005 | 20220329135619.0 | ||
| 008 | 971013s r 00010 d | ||
| 010 | _a39329 | ||
| 011 | _a40301 | ||
| 035 | _a44426 | ||
| 040 | _cCHAP | ||
| 090 | _aFolleto 308 | ||
| 100 | 0 | 0 |
_aMonroy Leyva, Eugenio. _977652 |
| 245 | 0 | _aMétodo para el sistema de teleproceso para los ferrocarriles nacionales | |
| 260 |
_a(s.l. : _bs.e.), _c(s.a.) |
||
| 300 |
_a74 p. _b; mapas diagrs |
||
| 490 | 0 | _aSocs. 26-A | |
| 590 |
_aBATCH-UPD _b10 _c20130110 _lUCH01 _h1210 |
||
| 590 |
_aBATCH-UPD _b10 _c20130410 _lUCH01 _h0749 |
||
| 590 |
_aBATCH-UPD _b10 _c20130914 _lUCH01 _h1937 |
||
| 590 |
_aCONVERSION _b10 _c20130109 _lUCH01 _h1322 |
||
| 650 | 1 | 4 |
_aProcesamiento electrónico de datos. _991819 |
| 711 | 0 |
_aCongreso Latinoamericano sobre la Computación Electrónica en la Enseñanza Profesional _n(1 : _d1964 : _cMéxico, D.F.) _926832 |
|
| 830 | 0 |
_aSocs. 26-A _9108256 |
|
| 901 | _aBK | ||
| 942 | _cFOLL | ||
| 949 |
_aFolleto 308 _bBC _cFOLL _d-101764 _eTS1 _i44426 _si |
||
| 999 |
_c39329 _d39329 |
||